[Event "Russian Championship G17 2016"]
[Site "Loo"]
[Date "2016.04.27"]
[Round "8.18"]
[White "Sakorenko, Adriana"]
[Black "Troyanok, Tatiana"]
[Result "1/2-1/2"]
[WhiteElo "1969"]
[BlackElo "1772"]
[PlyCount "108"]
[EventDate "2016.04.20"]

1. e4 c5 2. Nf3 a6 3. c3 d5 4. exd5 Qxd5 5. d4 e6 6. Be3 Nd7 7. Be2 Ngf6 8. O-O
Qc6 9. Nbd2 Qc7 10. Nc4 b5 11. Nce5 Nd5 12. Qd2 Be7 13. Nxd7 Bxd7 14. Ne5 Bc8
15. a4 Rb8 16. axb5 axb5 17. Bf3 Bb7 18. Ra7 Qb6 19. Rfa1 c4 20. Bxd5 exd5 21.
Bf4 Rd8 22. Qe2 h6 23. Bg3 Kf8 24. Qg4 Kg8 25. Qf5 Bf6 26. Nd7 Bc8 27. Qxd5
Rxd7 28. Rxd7 Bxd7 29. Qxd7 Kh7 30. Qxf7 Rc8 31. Qd5 Rd8 32. Qf5+ Kg8 33. Be5
Bg5 34. g3 b4 35. h4 Be7 36. Qg4 Bf8 37. Re1 bxc3 38. bxc3 Qb3 39. Qe6+ Kh8 40.
Qxh6+ Kg8 41. Qe6+ Kh7 42. d5 Qb5 43. d6 Qc6 44. Rd1 Qf3 45. Qd5 Qe2 46. Qd2
Qxe5 47. d7 Be7 48. Re1 Qd6 49. Qxd6 Bxd6 50. Re4 Rxd7 51. Rxc4 Be5 52. Rc6
Rd1+ 53. Kg2 Rc1 54. Kf3 Rxc3+ 1/2-1/2

[Event "Russian Championship G17 2016"]
[Site "Loo"]
[Date "2016.04.27"]
[Round "8.19"]
[White "Bocharova, Anastasia"]
[Black "Shojhet, Sofiy"]
[Result "1-0"]
[WhiteElo "1612"]
[BlackElo "1807"]
[PlyCount "57"]
[EventDate "2016.04.20"]

1. Nf3 f5 2. e4 fxe4 3. Ng5 Nf6 4. d3 Nc6 5. Nc3 d5 6. dxe4 dxe4 7. Qxd8+ Nxd8
8. Bf4 c6 9. O-O-O Ne6 10. Bc4 Nxg5 11. Bxg5 Bf5 12. Rhe1 e5 13. a3 b5 14. Bb3
Rd8 15. Rxd8+ Kxd8 16. Nxe4 Bxe4 17. Rxe4 Bd6 18. Re2 Kc7 19. c4 a6 20. c5 Bxc5
21. Rxe5 Bxf2 22. Re7+ Kb6 23. Rxg7 Bd4 24. Rf7 Ne4 25. Bf4 Nc5 26. Bc7+ Kb7
27. Be5+ Kb6 28. Bxd4 Rd8 29. Bf2 1-0

[Event "Russian Championship G17 2016"]
[Site "Loo"]
[Date "2016.04.27"]
[Round "8.20"]
[White "Shabunova, Ekaterina"]
[Black "Kazak, Natalia"]
[Result "0-1"]
[WhiteElo "1805"]
[BlackElo "1785"]
[PlyCount "56"]
[EventDate "2016.04.20"]

1. d4 Nf6 2. c4 g6 3. Nc3 Bg7 4. e4 d6 5. h3 O-O 6. Nf3 Nc6 7. Be3 e5 8. d5 Ne7
9. g4 a6 10. a4 c6 11. Qd2 cxd5 12. cxd5 Qa5 13. Bd3 b5 14. O-O b4 15. Ne2
Nexd5 16. exd5 e4 17. Ned4 exd3 18. Nc6 Qc7 19. Qxd3 a5 20. Qb3 Qd7 21. Bf4 Bb7
22. Nfd4 Rfe8 23. Rac1 Re4 24. Be3 Nxg4 25. Qd3 Rae8 26. Ne6 Nf6 27. Nxg7 Qxh3
28. f3 Qg3+ 0-1

[Event "Russian Championship G17 2016"]
[Site "Loo"]
[Date "2016.04.27"]
[Round "8.21"]
[White "Dekalyuk, Anastasiya"]
[Black "Suleimanova, Renata"]
[Result "1/2-1/2"]
[WhiteElo "1554"]
[BlackElo "1789"]
[PlyCount "112"]
[EventDate "2016.04.20"]

1. e4 e5 2. Nf3 Nf6 3. Nc3 Nc6 4. d4 exd4 5. Nxd4 Bb4 6. Nxc6 bxc6 7. Bd3 O-O
8. O-O d5 9. exd5 cxd5 10. Bg5 Bxc3 11. bxc3 Qd6 12. Bxf6 Qxf6 13. Qh5 g6 14.
Qxd5 Be6 15. Qc5 Qf4 16. Rab1 Rfd8 17. Rb4 Qf6 18. Be4 c6 19. Rb7 Bxa2 20. Rxa7
Rxa7 21. Qxa7 Bc4 22. Rb1 Qxc3 23. Qe3 Qb4 24. Qe1 Qxe1+ 25. Rxe1 Re8 26. Re3
Rb8 27. f3 Rb6 28. Rc3 Bb5 29. Kf2 f5 30. Bd3 Bxd3 31. Rxd3 Rb7 32. Rd6 Rc7 33.
Ke3 c5 34. Kd3 Kf7 35. Kc4 Ke7 36. Rd5 Ke6 37. Rxc5 Rb7 38. Rb5 Rc7+ 39. Kb3
Kd6 40. c4 Ke6 41. Kb4 Kd6 42. Rd5+ Ke6 43. Kb5 Rc8 44. Kb4 Rc7 45. Kc3 Rc8 46.
Kd4 h6 47. c5 Rc6 48. Re5+ Kf6 49. Kd5 Rxc5+ 50. Kxc5 Kxe5 51. g3 g5 52. Kc4 g4
53. fxg4 fxg4 54. Kd3 Kd5 55. Ke3 Ke5 56. Kd3 Kd5 1/2-1/2

[Event "Russian Championship G17 2016"]
[Site "Loo"]
[Date "2016.04.27"]
[Round "8.22"]
[White "Kovaleva, Ekaterina"]
[Black "Teryaeva, Valeria"]
[Result "1-0"]
[WhiteElo "1786"]
[BlackElo "1929"]
[PlyCount "101"]
[EventDate "2016.04.20"]

1. e4 c5 2. Nf3 e6 3. d4 cxd4 4. Nxd4 Nf6 5. Nc3 Nc6 6. Ndb5 Bb4 7. a3 Bxc3+ 8.
Nxc3 d5 9. exd5 exd5 10. Bd3 O-O 11. O-O d4 12. Ne2 Bg4 13. Bg5 Qd6 14. Qd2
Rfe8 15. Rfe1 Rad8 16. f3 Bh5 17. Rad1 Bg6 18. Bh4 Rd7 19. Bg3 Qc5 20. Bxg6
hxg6 21. Bf2 Qd6 22. c3 d3 23. Nc1 Ne5 24. Kh1 Red8 25. Bg3 Nc4 26. Bxd6 Nxd2
27. Rxd2 Rxd6 28. Re3 Rb6 29. Kg1 Nd5 30. Rexd3 Re8 31. Ne2 Ne3 32. Rd4 Nd1 33.
Rb4 Rxb4 34. axb4 a6 35. Rxd1 Rxe2 36. Rd8+ Kh7 37. Rd7 Rxb2 38. Rxb7 a5 39. b5
a4 40. Ra7 Rxb5 41. Rxa4 Rb2 42. Ra8 Rc2 43. Rc8 g5 44. h3 Kg6 45. Kh2 f5 46.
c4 f4 47. c5 Kf7 48. c6 Ke7 49. c7 Kf7 50. Kg1 g6 51. Rh8 1-0

[Event "Russian Championship G17 2016"]
[Site "Loo"]
[Date "2016.04.27"]
[Round "8.23"]
[White "Chistyakova, Daria"]
[Black "Borunova, Tatiana"]
[Result "1-0"]
[WhiteElo "1857"]
[BlackElo "1699"]
[PlyCount "131"]
[EventDate "2016.04.20"]

1. e4 e5 2. Nf3 Nc6 3. Bc4 Bc5 4. c3 Nf6 5. d4 exd4 6. cxd4 Bb4+ 7. Bd2 Bxd2+
8. Nbxd2 d5 9. exd5 Nxd5 10. O-O O-O 11. h3 Nce7 12. Ne4 c6 13. Ne5 Bf5 14. Ng3
f6 15. Nd3 Bxd3 16. Bxd3 Qb6 17. Qc2 g6 18. Rad1 Kg7 19. a3 Rad8 20. Ne4 Nf4
21. Nc5 Rd6 22. Rfe1 Ned5 23. Bc4 Kf7 24. h4 Rfd8 25. g3 Ne6 26. Qe4 Nxc5 27.
dxc5 Qxc5 28. Qe7+ Kg8 29. Bxd5+ cxd5 30. Rc1 Qb5 31. Rc7 R6d7 32. Qxf6 Qb6 33.
Qxb6 axb6 34. Re8+ Kf7 35. Rxd8 Rxc7 36. Rxd5 Ke6 37. Rb5 Rc6 38. Kg2 h6 39. g4
Kf6 40. Kg3 Rd6 41. f3 Ke6 42. Kf4 Rd4+ 43. Ke3 Rd6 44. Ke4 Rc6 45. b3 Rd6 46.
f4 Kf6 47. Rd5 Re6+ 48. Kd4 Rc6 49. Rd7 g5 50. fxg5+ hxg5 51. hxg5+ Kxg5 52.
Rxb7 Kxg4 53. Kd5 Rf6 54. Kc4 Rf4+ 55. Kb5 Rf3 56. Ka4 Rf6 57. b4 Kf5 58. Kb5
Ke5 59. Rxb6 Rf7 60. a4 Kd5 61. a5 Rf5 62. Ka6 Rf7 63. Rh6 Re7 64. b5 Kc5 65.
b6 Kb4 66. b7 1-0

[Event "Russian Championship G17 2016"]
[Site "Loo"]
[Date "2016.04.27"]
[Round "8.24"]
[White "Bushueva, Tatjana"]
[Black "Dorofeeva, Nyurguiaana"]
[Result "1-0"]
[WhiteElo "1678"]
[BlackElo "1851"]
[PlyCount "77"]
[EventDate "2016.04.20"]

1. e4 c6 2. d4 d5 3. exd5 cxd5 4. c4 Nf6 5. Nc3 Nc6 6. Nf3 Bg4 7. Be2 e6 8. c5
Be7 9. Bf4 O-O 10. a3 a5 11. Rb1 Bf5 12. Bd3 Be4 13. Nb5 a4 14. O-O Ne8 15. Re1
Bxd3 16. Qxd3 b6 17. Rbc1 bxc5 18. dxc5 Bf6 19. Ne5 Nxe5 20. Bxe5 Bxe5 21. Rxe5
Nc7 22. Nxc7 Qxc7 23. Rh5 g6 24. Rh4 Rfb8 25. Rb4 Qc6 26. Qd4 Rxb4 27. axb4 a3
28. bxa3 Rxa3 29. Qb2 Rd3 30. h3 Qa4 31. Ra1 Rd1+ 32. Rxd1 Qxd1+ 33. Kh2 Qa4
34. b5 d4 35. b6 d3 36. b7 Qf4+ 37. g3 Qb8 38. c6 e5 39. c7 1-0

[Event "Russian Championship G17 2016"]
[Site "Loo"]
[Date "2016.04.27"]
[Round "8.25"]
[White "Protasova, Anastasia"]
[Black "Elkina, Yuliya"]
[Result "1-0"]
[WhiteElo "1843"]
[BlackElo "1559"]
[PlyCount "75"]
[EventDate "2016.04.20"]

1. d4 e6 2. Nf3 b6 3. g3 Bb7 4. Bg2 f5 5. c4 Bb4+ 6. Bd2 Qe7 7. Nc3 Nf6 8. O-O
O-O 9. a3 Bxc3 10. Bxc3 d6 11. Qb3 Nbd7 12. Rfd1 Ne4 13. Be1 Ndf6 14. Rac1 Rad8
15. Ng5 Ba8 16. Nxe4 Nxe4 17. d5 Nc5 18. Qc2 e5 19. b4 Nd7 20. Qa4 Nf6 21. Qxa7
Bc6 22. dxc6 Ra8 23. Qb7 Rfb8 24. c5 bxc5 25. bxc5 Ne8 26. Ba5 Rxb7 27. cxb7
Rb8 28. cxd6 Nxd6 29. Bxc7 Nxb7 30. Bxb8 h6 31. Rc7 Qxa3 32. Rxb7 e4 33. Be5
Qa5 34. Rxg7+ Kf8 35. Bf6 h5 36. Rdd7 Qe1+ 37. Bf1 e3 38. Rd8# 1-0

[Event "Russian Championship G17 2016"]
[Site "Loo"]
[Date "2016.04.27"]
[Round "8.26"]
[White "Shelepneva, Darya"]
[Black "Borodina, Tatiana"]
[Result "1-0"]
[WhiteElo "1780"]
[BlackElo "1721"]
[PlyCount "55"]
[EventDate "2016.04.20"]

1. e4 c5 2. Nf3 Nc6 3. d4 cxd4 4. Nxd4 Qc7 5. Be3 e6 6. Be2 a6 7. O-O Nf6 8.
Nc3 Bb4 9. f3 O-O 10. a3 Bxc3 11. bxc3 Ne5 12. Qd2 Nc4 13. Bxc4 Qxc4 14. Nb3 d5
15. e5 Nd7 16. f4 b6 17. f5 exf5 18. Rxf5 Nf6 19. Rxf6 gxf6 20. exf6 Re8 21.
Bd4 Kh8 22. Qh6 Rg8 23. Re1 Bf5 24. Nd2 Qc8 25. Re7 Qf8 26. Qg7+ Qxg7 27. fxg7+
Rxg7 28. Rxf7 1-0

[Event "Russian Championship G17 2016"]
[Site "Loo"]
[Date "2016.04.27"]
[Round "8.27"]
[White "Bychenkova, Yulia"]
[Black "Senkova, Darya"]
[Result "1/2-1/2"]
[WhiteElo "1696"]
[BlackElo "1685"]
[PlyCount "85"]
[EventDate "2016.04.20"]

1. d4 c5 2. Nf3 cxd4 3. Nxd4 d5 4. Nc3 e5 5. Nf3 d4 6. Ne4 Nc6 7. a3 f5 8. Ng3
e4 9. Ng1 Nf6 10. e3 Bc5 11. exd4 Bxd4 12. Nh3 Ng4 13. Be2 O-O 14. O-O Nce5 15.
c3 Bb6 16. Qb3+ Kh8 17. Bf4 Qe8 18. Qb5 Bd7 19. Qb3 h6 20. a4 g5 21. Bxe5+ Qxe5
22. a5 Bc7 23. Rfd1 Bc6 24. Qc4 Rad8 25. b4 a6 26. Qc5 Qxc5 27. bxc5 Nf6 28.
Nxf5 g4 29. Rxd8 Rxd8 30. Nxh6 gxh3 31. Nf7+ Kg7 32. Nxd8 Bxd8 33. gxh3 Be7 34.
c4 Bxc5 35. Rb1 Nd7 36. Bg4 Ne5 37. Bc8 Nf3+ 38. Kg2 Nd2 39. Bxb7 Nxb1 40. Bxc6
Nd2 41. Bb7 Nxc4 42. Bxe4 Nxa5 43. Bd3 1/2-1/2

[Event "Russian Championship G19 2016"]
[Site "Loo"]
[Date "2016.04.27"]
[Round "8.1"]
[White "Rodionova, Daria"]
[Black "Maslova, Polina"]
[Result "1-0"]
[WhiteElo "2212"]
[BlackElo "2096"]
[PlyCount "117"]
[EventDate "2016.04.20"]

1. e4 c5 2. Nf3 d6 3. d4 Nf6 4. Nc3 cxd4 5. Nxd4 a6 6. h3 e5 7. Nde2 b5 8. g4
b4 9. Nd5 Nxd5 10. Qxd5 Ra7 11. Bg2 Be6 12. Qd3 Be7 13. Be3 Rb7 14. Ng3 g6 15.
Rd1 Qc8 16. f4 Bc4 17. Qd2 Nd7 18. f5 Bb5 19. Bf1 Bxf1 20. Rxf1 Qc6 21. g5 Nc5
22. f6 Bf8 23. Bxc5 Qxc5 24. Qe2 Rb6 25. Rd5 Qc6 26. h4 h6 27. Qd2 hxg5 28.
hxg5 Rh3 29. Rf3 Rb5 30. b3 Rc5 31. Rxc5 Qxc5 32. Kf1 d5 33. Qxd5 Qxd5 34. exd5
Bc5 35. Kg2 Rh4 36. c3 e4 37. Rf1 bxc3 38. Re1 e3 39. Rc1 Bd4 40. Ne2 Be5 41.
Nxc3 Rg4+ 42. Kf3 Rxg5 43. Kxe3 Rg3+ 44. Kf2 Rxc3 45. Re1 Rc2+ 46. Kf3 Rc3+ 47.
Kg4 Rg3+ 48. Kh4 Rg2 49. Rxe5+ Kf8 50. a4 Rf2 51. d6 Rd2 52. Rc5 Ke8 53. Rc6 a5
54. Kg5 Rd5+ 55. Kh6 Kd7 56. Rc7+ Kxd6 57. Rxf7 Rd3 58. Ra7 Ke6 59. f7 1-0

[Event "Russian Championship G19 2016"]
[Site "Loo"]
[Date "2016.04.27"]
[Round "8.2"]
[White "Diakonova, Ekaterina"]
[Black "Obolentseva, Alexandra"]
[Result "0-1"]
[WhiteElo "2281"]
[BlackElo "2315"]
[PlyCount "108"]
[EventDate "2016.04.20"]

1. e4 c5 2. Nf3 d6 3. d4 cxd4 4. Nxd4 Nf6 5. Nc3 a6 6. Be2 e6 7. O-O Nbd7 8. f4
b5 9. Bf3 Bb7 10. Qe2 Be7 11. e5 Bxf3 12. Nxf3 Ng4 13. f5 Ndxe5 14. Nxe5 Nxe5
15. fxe6 fxe6 16. Qh5+ g6 17. Qh3 Qd7 18. Bh6 O-O-O 19. Bg7 Rhg8 20. Bxe5 dxe5
21. Rae1 Bb4 22. Kh1 Rgf8 23. Rxf8 Rxf8 24. a3 Bxc3 25. Qxc3+ Qc7 26. Qe3 Rf5
27. b3 Kb7 28. h3 Qd6 29. a4 b4 30. c3 bxc3 31. Qxc3 Qd4 32. Qc2 Rf2 33. Qe4+
Qd5 34. b4 Rf1+ 35. Kh2 Rxe1 36. Qxe1 Qd4 37. Qb1 e4 38. Qf1 Qxb4 39. Qf7+ Kc6
40. Qe8+ Kd5 41. Qa8+ Kd4 42. Qxa6 Qc4 43. Qd6+ Qd5 44. Qb4+ Kd3 45. a5 e3 46.
Qb1+ Kd2 47. Qb2+ Ke1 48. Qa1+ Kf2 49. Qf6+ Qf5 50. Qh4+ Kf1 51. a6 e2 52. a7
Qe5+ 53. g3 e1=Q 54. a8=Q Qf2+ 0-1

[Event "Russian Championship G19 2016"]
[Site "Loo"]
[Date "2016.04.27"]
[Round "8.3"]
[White "Alekseeva, Irina"]
[Black "Yakimenko, Viktoria"]
[Result "1-0"]
[WhiteElo "2177"]
[BlackElo "2056"]
[PlyCount "129"]
[EventDate "2016.04.20"]

1. e4 c5 2. Nf3 d6 3. d4 cxd4 4. Nxd4 Nf6 5. Nc3 a6 6. Be3 e5 7. Nb3 Be6 8. f3
Nbd7 9. Qd2 Be7 10. g4 h6 11. O-O-O b5 12. Kb1 Nb6 13. Qf2 Nfd7 14. Nd5 Bxd5
15. exd5 Nc4 16. Bc1 Qb6 17. Qe1 a5 18. Bxc4 bxc4 19. Nd2 Qb4 20. a3 Qa4 21.
Qe2 Nb6 22. Ne4 Rb8 23. Ka1 O-O 24. h4 Qb5 25. Nc3 Qd7 26. g5 h5 27. f4 Qf5 28.
fxe5 dxe5 29. d6 Bd8 30. Rhf1 Qg6 31. Ne4 Re8 32. Rg1 Re6 33. d7 Re7 34. Rd6
Re6 35. Nf6+ Rxf6 36. gxf6 Qxg1 37. Rd1 Qg4 38. Qe1 Rb7 39. Qh1 Rxd7 40. Rg1
Qf5 41. Rxg7+ Kh8 42. Rg5 Qxf6 43. Qg2 Qxg5 44. Bxg5 f6 45. Bh6 Kh7 46. Be3 Nd5
47. Qe4+ Kg7 48. Qf5 Rc7 49. Bc1 c3 50. b3 Nf4 51. Bxf4 exf4 52. Qxh5 a4 53. b4
Kf8 54. Qh6+ Rg7 55. Qxf4 Rg1+ 56. Ka2 Rg2 57. Qh6+ Kg8 58. Qh5 Rxc2+ 59. Kb1
Rb2+ 60. Kc1 Bb6 61. Qg6+ Kh8 62. Qxf6+ Kg8 63. Qxb6 Rg2 64. Qe6+ Kh8 65. Qe5+
1-0

[Event "Russian Championship G19 2016"]
[Site "Loo"]
[Date "2016.04.27"]
[Round "8.4"]
[White "Antipova, Anastasia"]
[Black "Matiukova, Uliana"]
[Result "0-1"]
[WhiteElo "2103"]
[BlackElo "2161"]
[PlyCount "74"]
[EventDate "2016.04.20"]

1. e4 c5 2. Nf3 d6 3. d4 cxd4 4. Nxd4 Nf6 5. Nc3 a6 6. Be2 e5 7. Nb3 h6 8. O-O
Be6 9. f4 Qc7 10. Kh1 Nbd7 11. g4 Nb6 12. a4 Rd8 13. a5 Nbd7 14. g5 hxg5 15.
fxg5 Ng8 16. Nd5 Qc6 17. Bg4 Bxg4 18. Qxg4 Qxc2 19. Nd2 g6 20. Ra3 Rc8 21. Rb3
Rh7 22. Rxb7 Qc6 23. Rb3 Be7 24. Rh3 Rxh3 25. Qxh3 Bxg5 26. Nb3 Bxc1 27. Nxc1
Qc4 28. Qf3 f6 29. b3 Qb5 30. Qh3 f5 31. Qg2 Ne7 32. Nxe7 Kxe7 33. exf5 gxf5
34. Qg5+ Nf6 35. Qxf5 Qd5+ 36. Kg1 Rg8+ 37. Kf2 Rg2+ 0-1

[Event "Russian Championship G19 2016"]
[Site "Loo"]
[Date "2016.04.27"]
[Round "8.5"]
[White "Mamontova, Anastasia"]
[Black "Solozhenkina, Elizaveta"]
[Result "1-0"]
[WhiteElo "2065"]
[BlackElo "2137"]
[PlyCount "93"]
[EventDate "2016.04.20"]

1. g3 Nf6 2. Bg2 d5 3. d3 e6 4. Nd2 Be7 5. e4 c5 6. Ne2 Nc6 7. h3 dxe4 8. Nxe4
Nxe4 9. Bxe4 Qc7 10. Be3 f5 11. Bg2 Bf6 12. c3 Qd6 13. Qa4 Bd7 14. Qa3 Be7 15.
Rd1 e5 16. f4 Be6 17. fxe5 Qxe5 18. Bf4 Qf6 19. Qa4 O-O 20. Qb5 Ne5 21. d4 Ng6
22. O-O Rad8 23. dxc5 Qf7 24. b3 Bd5 25. Bd6 Bxg2 26. Kxg2 Qe6 27. Nd4 Qe4+ 28.
Nf3 Qc2+ 29. Rd2 Qxc3 30. Rd3 Qf6 31. Qxb7 Kh8 32. Rfd1 Bxd6 33. Rxd6 Rxd6 34.
cxd6 f4 35. g4 Qe6 36. Rd2 Qe3 37. Qd5 h6 38. d7 Rd8 39. Qa5 Qe7 40. Qf5 Nf8
41. Ne5 Kg8 42. Nc6 Qe3 43. Qd5+ Kh8 44. Nxd8 Qg3+ 45. Kf1 Qxh3+ 46. Qg2 Qc3
47. Nf7+ 1-0

[Event "Russian Championship G19 2016"]
[Site "Loo"]
[Date "2016.04.27"]
[Round "8.6"]
[White "Lingur, Zalina"]
[Black "Marjina, Arina"]
[Result "0-1"]
[WhiteElo "2216"]
[BlackElo "2024"]
[PlyCount "70"]
[EventDate "2016.04.20"]

1. e4 c5 2. Nf3 d6 3. d4 cxd4 4. Nxd4 Nf6 5. Nc3 a6 6. Bg5 e6 7. f4 Be7 8. Qf3
Qc7 9. O-O-O Nbd7 10. g4 h6 11. Bxf6 Bxf6 12. h4 Qb6 13. Nde2 Nc5 14. g5 Be7
15. Kb1 Bd7 16. f5 O-O-O 17. Nf4 Qc6 18. fxe6 Bxe6 19. Nfd5 Rde8 20. b4 Bxd5
21. Rxd5 Na4 22. Nxa4 Qxa4 23. Bh3+ Kb8 24. Qc3 hxg5 25. hxg5 Rc8 26. Qd2 Rc4
27. Rd4 Bxg5 28. Qxg5 Qxb4+ 29. Kc1 Rxd4 30. Qe3 Rxe4 31. Qg3 Rhe8 32. Kd1 Qb1+
33. Kd2 Re2+ 34. Kd3 Qxc2+ 35. Kd4 R2e4+ 0-1

[Event "Russian Championship G19 2016"]
[Site "Loo"]
[Date "2016.04.27"]
[Round "8.7"]
[White "Leontyeva, Anastasija"]
[Black "Drogovoz, Irina"]
[Result "0-1"]
[WhiteElo "1823"]
[BlackElo "2205"]
[PlyCount "50"]
[EventDate "2016.04.20"]

1. d4 d5 2. c4 e5 3. dxe5 d4 4. a3 Nc6 5. Nf3 Nge7 6. Bf4 Ng6 7. Bg3 h5 8. h3
a5 9. Nbd2 a4 10. Qc2 Bc5 11. Ne4 Qe7 12. Nxc5 Qxc5 13. Qe4 Be6 14. e3 Qa5+ 15.
Nd2 dxe3 16. Qxe3 O-O-O 17. O-O-O Ngxe5 18. Be2 Rhe8 19. Rhe1 Bf5 20. Qf4 Nd4
21. Bf1 f6 22. Bh2 h4 23. Qxh4 Qxd2+ 24. Rxd2 Nb3+ 25. Kd1 Rxd2# 0-1

[Event "Russian Championship G19 2016"]
[Site "Loo"]
[Date "2016.04.27"]
[Round "8.8"]
[White "Chekmareva, Liya"]
[Black "Yakimenko, Anastasia"]
[Result "1-0"]
[WhiteElo "2043"]
[BlackElo "2050"]
[PlyCount "101"]
[EventDate "2016.04.20"]

1. d4 Nf6 2. c4 g6 3. Nc3 Bg7 4. e4 d6 5. h3 Nbd7 6. Bg5 c6 7. Nf3 Qa5 8. Qd2
e5 9. Be2 O-O 10. dxe5 dxe5 11. O-O Qc7 12. b4 a5 13. a3 Rd8 14. Rad1 Re8 15.
Be3 Bf8 16. c5 b6 17. cxb6 Nxb6 18. Bc5 axb4 19. axb4 Bxc5 20. bxc5 Nbd7 21.
Qd6 Qxd6 22. Rxd6 Ba6 23. Bxa6 Rxa6 24. Rfd1 Ra3 25. Nb1 Ra5 26. Rxd7 Nxd7 27.
Rxd7 Rxc5 28. Nbd2 Rc1+ 29. Kh2 h6 30. Rc7 Kg7 31. Kg3 Kf6 32. Nb3 Rc4 33. Na5
Rxe4 34. Nxc6 Re2 35. Nb4 Rb2 36. Nd5+ Kg7 37. Ne3 Rbb8 38. Nc4 e4 39. Nfe5 Rf8
40. Nd6 Kf6 41. Nd7+ Ke6 42. Nxf8+ Rxf8 43. Nxe4 f5 44. Nd2 Kf6 45. Rc6+ Kg7
46. Nc4 Re8 47. f4 g5 48. Ne5 Re7 49. Rd6 Kh7 50. Rd7 Rxd7 51. Nxd7 1-0

[Event "Russian Championship G19 2016"]
[Site "Loo"]
[Date "2016.04.27"]
[Round "8.9"]
[White "Baryshnikova, Natalija"]
[Black "Lysenko, Margarita"]
[Result "0-1"]
[WhiteElo "1953"]
[BlackElo "2071"]
[PlyCount "36"]
[EventDate "2016.04.20"]

1. d4 Nf6 2. Bg5 Ne4 3. Bf4 d5 4. e3 c5 5. c3 Qb6 6. Qc1 Nc6 7. Bd3 cxd4 8.
exd4 e5 9. Bxe4 dxe4 10. dxe5 Bc5 11. Qd2 Bg4 12. Na3 Bxa3 13. bxa3 Rd8 14. Qe3
Qb2 15. Rc1 Rd3 16. Qxd3 exd3 17. h3 Nxe5 18. Nf3 Qe2# 0-1

[Event "Russian Championship G19 2016"]
[Site "Loo"]
[Date "2016.04.27"]
[Round "8.10"]
[White "Mukhina, Jana"]
[Black "Resmyatova, Antonina"]
[Result "1-0"]
[WhiteElo "2072"]
[BlackElo "2045"]
[PlyCount "117"]
[EventDate "2016.04.20"]

1. e4 e6 2. d4 d5 3. Nd2 c5 4. exd5 Qxd5 5. dxc5 Bxc5 6. Ngf3 a6 7. Bc4 Qc6 8.
O-O Nd7 9. a3 Ngf6 10. b4 Ba7 11. Bd3 b5 12. c4 bxc4 13. Nxc4 O-O 14. Bb2 Rb8
15. Qe2 Rd8 16. Na5 Qa8 17. Rac1 Bb7 18. Nxb7 Rxb7 19. Bxa6 Rb6 20. Bd3 Rd6 21.
Bb1 Nd5 22. Ng5 N7f6 23. Be5 R6d7 24. Ne4 Nxe4 25. Qxe4 g6 26. Qf3 Bb8 27. Bb2
Bf4 28. Rc4 Qb8 29. g3 Be5 30. Bc1 Qa7 31. h4 h5 32. Be4 Qa6 33. Rc5 Bd4 34.
Ra5 Qc4 35. Bg5 Re8 36. Rc1 Qa2 37. Bxd5 exd5 38. Rf1 Kg7 39. Ra6 Qc4 40. Bf6+
Kh7 41. Ra4 Qc6 42. Bxd4 Qxa4 43. Qf6 Rg8 44. Rc1 Qb3 45. Kh2 Qd3 46. Rc8 Qxd4
47. Qxd4 Rxc8 48. b5 Rc4 49. Qd3 Rc5 50. a4 d4 51. b6 Ra5 52. Qb3 d3 53. b7 d2
54. b8=Q d1=Q 55. Qc3 Rd8 56. Qbb2 f6 57. Qxa5 Rd6 58. Qc7+ Kh6 59. Qbb7 1-0

[Event "Russian Championship G19 2016"]
[Site "Loo"]
[Date "2016.04.27"]
[Round "8.11"]
[White "Dolgaeva, Evgenia"]
[Black "Sayafarova, Anna"]
[Result "1-0"]
[WhiteElo "1931"]
[BlackElo "1947"]
[PlyCount "65"]
[EventDate "2016.04.20"]

1. e4 e5 2. Nf3 Nf6 3. Nxe5 d6 4. Nf3 Nxe4 5. Nc3 Nxc3 6. dxc3 Be7 7. Be3 O-O
8. Qd2 Be6 9. O-O-O Qd7 10. Kb1 a5 11. h4 b5 12. Nd4 b4 13. Bb5 c6 14. Ba4 d5
15. h5 Qb7 16. h6 g6 17. Bf4 c5 18. Rhe1 Bf6 19. Nb5 bxc3 20. Nxc3 Qb4 21. a3
Qb6 22. Be5 Bxe5 23. Rxe5 Qd6 24. f4 f6 25. Nxd5 fxe5 26. Nf6+ Rxf6 27. Qxd6
Ba2+ 28. Kxa2 Rxd6 29. Rxd6 exf4 30. Rd8+ Kf7 31. Bb3+ Ke7 32. Rh8 Nd7 33. Rxa8
1-0

[Event "Russian Championship G19 2016"]
[Site "Loo"]
[Date "2016.04.27"]
[Round "8.12"]
[White "Shapar, Tatiana"]
[Black "Mukhtarova, Viktoriya"]
[Result "0-1"]
[WhiteElo "1932"]
[BlackElo "1899"]
[PlyCount "104"]
[EventDate "2016.04.20"]

1. e4 c5 2. Nf3 Nc6 3. c3 Nf6 4. d3 g6 5. Be2 Bg7 6. O-O O-O 7. Be3 d6 8. h3
Rb8 9. a4 a6 10. Nbd2 b5 11. axb5 axb5 12. d4 cxd4 13. Nxd4 Nxd4 14. cxd4 Bb7
15. f3 Qb6 16. Qb3 Nh5 17. Qxb5 Qxb5 18. Bxb5 Bxe4 19. Bc4 Bc6 20. b3 Ng3 21.
Rfe1 Nf5 22. Bf2 Nxd4 23. Rab1 d5 24. Bd3 e6 25. Bg3 Rb7 26. Bd6 Rd8 27. Bc5
Bb5 28. Bxb5 Rxb5 29. Bxd4 Bxd4+ 30. Kf1 Bc3 31. Red1 Rdb8 32. Rbc1 Bxd2 33.
Rxd2 Rxb3 34. Rcc2 Kg7 35. Kf2 h5 36. h4 R8b4 37. Kg3 Rg4+ 38. Kh3 Rc4 39. Ra2
Rbb4 40. g3 Rc1 41. Ra7 Rbb1 42. Rd3 Rb2 43. g4 Rh1+ 44. Kg3 hxg4 45. fxg4 Rg1+
46. Kf4 Rb4+ 47. Ke5 Rgxg4 48. Rf3 Rbe4+ 49. Kd6 Ref4 50. Re3 Re4 51. Rb3 Rxh4
52. Rbb7 Rhf4 0-1

[Event "Russian Championship G19 2016"]
[Site "Loo"]
[Date "2016.04.27"]
[Round "8.13"]
[White "Khatmullina, Dilara"]
[Black "Nugamanova, Rozalia"]
[Result "0-1"]
[WhiteElo "2049"]
[BlackElo "1826"]
[PlyCount "68"]
[EventDate "2016.04.20"]

1. Nf3 d5 2. g3 Nf6 3. Bg2 e6 4. d3 Be7 5. Nbd2 O-O 6. O-O b6 7. e4 dxe4 8.
dxe4 Bb7 9. e5 Nfd7 10. Qe2 c5 11. Re1 Qc7 12. c3 a6 13. a4 Nc6 14. h4 Na7 15.
Ne4 c4 16. Bg5 Bxg5 17. Nfxg5 h6 18. Qh5 Nxe5 19. Nf6+ gxf6 20. Qxh6 Rfe8 21.
Rxe5 fxe5 22. Nh7 f5 23. Nf6+ Kf7 24. Nxe8 Kxe8 25. Rd1 Bd5 26. Qh8+ Ke7 27.
Qg7+ Kd6 28. Qh6 Kc5 29. b4+ cxb3 30. Bf1 b5 31. axb5 axb5 32. c4 bxc4 33. Qe3+
Kb4 34. Ra1 Nb5 0-1

[Event "Russian Championship G19 2016"]
[Site "Loo"]
[Date "2016.04.27"]
[Round "8.15"]
[White "Zhivotovskaya, Asya"]
[Black "Polkhovskaya, Polina"]
[Result "1-0"]
[WhiteElo "1951"]
[BlackElo "1822"]
[PlyCount "75"]
[EventDate "2016.04.20"]

1. c4 Nf6 2. Nc3 g6 3. g3 Bg7 4. Bg2 O-O 5. e4 d6 6. Nge2 e5 7. O-O c6 8. d4
Nbd7 9. h3 exd4 10. Nxd4 Re8 11. Be3 a5 12. f4 Qc7 13. Bf2 Nc5 14. Qc2 Bd7 15.
Rfe1 Rad8 16. Rad1 Bc8 17. Kh2 Nfd7 18. a3 Nb6 19. b3 a4 20. b4 Ne6 21. Nxa4
Nxa4 22. Qxa4 Nxd4 23. Bxd4 Be6 24. Bxg7 Kxg7 25. Qc2 Ra8 26. Rd2 Kg8 27. Qc3
Red8 28. Rde2 Ra6 29. Re3 Rda8 30. Qc1 Qb6 31. g4 Qd4 32. Rd1 Qxc4 33. Rc3 Qb5
34. Rxd6 Qb6 35. f5 Qc7 36. e5 gxf5 37. Qg5+ Kf8 38. gxf5 1-0

[Event "Russian Championship G19 2016"]
[Site "Loo"]
[Date "2016.04.27"]
[Round "8.16"]
[White "Efimova, Anastasia"]
[Black "Arutyunova, Asya"]
[Result "0-1"]
[WhiteElo "1832"]
[BlackElo "1941"]
[PlyCount "100"]
[EventDate "2016.04.20"]

1. d4 Nf6 2. c4 e5 3. dxe5 Ng4 4. Bf4 g5 5. Bg3 Bg7 6. Nf3 Nc6 7. e3 Ngxe5 8.
Nxe5 Nxe5 9. Be2 d6 10. h4 Be6 11. Nd2 h6 12. Rc1 Qe7 13. Nf3 Nc6 14. Qd2 Qf6
15. b3 g4 16. Nh2 h5 17. O-O O-O-O 18. b4 Ne7 19. f3 Qg6 20. Bd3 Bf5 21. e4
gxf3 22. Rxf3 Bxe4 23. Bxe4 Qxe4 24. Rxf7 Rhg8 25. Re1 Qd4+ 26. Qxd4 Bxd4+ 27.
Bf2 Bxf2+ 28. Kxf2 Nc6 29. Rh7 Nxb4 30. Ree7 Na6 31. Rxh5 Rdf8+ 32. Nf3 Rf4 33.
g3 Rxc4 34. Ra5 Rc2+ 35. Ke3 Rxg3 36. Kf4 Rg8 37. Ng5 Nb4 38. Rh7 Nc6 39. Ra3
a6 40. Ne6 Rc4+ 41. Kf3 Ne5+ 42. Kf2 Rc2+ 43. Kf1 Rgg2 44. Rc3 Rcf2+ 45. Ke1
Nf3+ 46. Rxf3 Rxf3 47. Rxc7+ Kb8 48. Rd7 Rff2 49. Rxd6 Rxa2 50. Kf1 Rh2 0-1